000 00467nam a22001817a 4500
003 NUST - PNEC
005 20170116181152.0
008 151201b xxu||||| |||| 00| 0 eng d
020 _a-
040 _cLIBRARY
082 _a952.03 HUS
100 _915488
_a Hussain, Ashfaq, Colonel (R)
245 _aWitness to blunder
_cAshfaq, Colonel (R),Hussain
250 _a1st ed
260 _cc 2008
650 _915489
_aKargil War (1999)
_xGeneral
942 _2ddc
_cBK
999 _c70984
_d70984